Home Alone Films! - Statistics

General Stats
  • This quiz has been taken 150 times
  • The average score is 6 of 6
Answer Stats
Year Movie % Correct
1990 Home Alone
100%
1992 Home Alone 2: Lost in New York
99%
1997 Home Alone 3
93%
2002 Home Alone 4: Taking Back the House
93%
2012 Home Alone: The Holiday Heist
90%
2021 Home Sweet Home Alone
89%
No matching quizzes found
Score Distribution
Percent of People with Each Score
Percentile by Number Answered
Your Score History
You have not taken this quiz